| 000 | 01117aam a2200325 i 4500 | ||
|---|---|---|---|
| 999 |
_c46207 _d46207 |
||
| 001 | 768714001 | ||
| 003 | CO-MdFUSB | ||
| 005 | 20201028172529.0 | ||
| 007 | ta | ||
| 008 | 200519t1990 enka|||| |||| 00| 0 eng d | ||
| 020 | _a0334024595 | ||
| 040 |
_bspa. _aCO-MdFUSB _cCO-MdFUSB _dCO-MdFUSBC _erda |
||
| 041 | _aeng | ||
| 082 |
_223 _a226.06 _bK785 |
||
| 100 | 1 |
_aKoester, Helmut _eautor |
|
| 245 | 1 | 0 |
_aAncient christian gospels : _btheir history and development _c/ Helmut Koester |
| 264 | 1 |
_aLondres : _bSCM Press, _c[1990] |
|
| 264 | 4 | _c© 1990 | |
| 300 |
_a448 páginas _c; 23 cm |
||
| 336 |
_atexto _btxt _2rdacontent |
||
| 337 |
_2rdamedia _asin mediación _bn |
||
| 338 |
_2rdacarrier _avolumen _bnc |
||
| 505 | _aEl término "evangelio" - La colección de los dichos de Jesús - De los diálogos y narraciones hasta el Evangelio de Juan - Los evangelios sinópticos - La armonización de los evangelios canónicos | ||
| 563 | _aPasta dura | ||
| 600 | 0 | 7 | _aJesucristo |
| 630 | 7 |
_aBiblia. _pEvangelios _xCrítica, interpretación, etc. |
|
| 942 | _cBK | ||
| 945 | _aJTF-925 | ||